Catálogo

La ciencia de los alimentos : (Registro nro. 61796)

Detalles MARC
000 -LEADER
fixed length control field 01100cam a2200289 i 4500
001 - CONTROL NUMBER
control field 61796
003 - CONTROL NUMBER IDENTIFIER
control field Mx-PuUPA
005 - DATE AND TIME OF LATEST TRANSACTION
control field 20191008160405.0
008 - FIXED-LENGTH DATA ELEMENTS--GENERAL INFORMATION
fixed length control field 141124s2012 mx a r 000 0 spa d
020 ## - INTERNATIONAL STANDARD BOOK NUMBER
International Standard Book Number 9786071711595
040 ## - CATALOGING SOURCE
Original cataloging agency Mx-PuUPA
Language of cataloging spa
Transcribing agency Mx-PuUPA
Modifying agency Mx-PuUPA
Description conventions rda
041 0# - LANGUAGE CODE
Language code of text/sound track or separate title spa
100 1# - MAIN ENTRY--PERSONAL NAME
Personal name Torre Marina, María Covadonga
Relator term autor
9 (RLIN) 3912
245 13 - TITLE STATEMENT
Title La ciencia de los alimentos :
Remainder of title lo que hay detrás de las recetas de cocina /
Statement of responsibility, etc. María Covadonga Torre Marina.
250 ## - EDITION STATEMENT
Edition statement Primera edición
264 #1 - PRODUCTION, PUBLICATION, DISTRIBUTION, MANUFACTURE, AND COPYRIGHT NOTICE
Place of production, publication, distribution, manufacture México :
Name of producer, publisher, distributor, manufacturer Editorial Trillas,
Date of production, publication, distribution, manufacture, or copyright notice ©2012
300 ## - PHYSICAL DESCRIPTION
Extent 164 páginas :
Other physical details ilustraciones ;
Dimensions 24 cm.
336 ## - CONTENT TYPE
Content type term texto
Fuente rdacontent
Content type code txt
337 ## - MEDIA TYPE
Media type term sin medio
Source rdamedia
Media type code n
338 ## - CARRIER TYPE
Carrier type term volumen
Source rdacarrier
Carrier type code nc
500 ## - GENERAL NOTE
General note "¿De qué color es tu antojo? ; La dosis hace el veneno ; ¿Los chiles toreados pican más? ; Flores que se comen ; Amaranto ¿alimento para astronautas?". -- Cubierta
650 #4 - SUBJECT ADDED ENTRY--TOPICAL TERM
Topical term or geographic name entry element Alimentos
General subdivision Composición
650 #4 - SUBJECT ADDED ENTRY--TOPICAL TERM
Topical term or geographic name entry element Alimentos
General subdivision Hábitos
942 ## - ADDED ENTRY ELEMENTS (KOHA)
Source of classification or shelving scheme Dewey Decimal Classification
Koha item type Libro
Classification part 641.3
Item part T676
Existencias
Withdrawn status Lost status Source of classification or shelving scheme Damaged status Not for loan Collection code Home library Current library Shelving location Date acquired Source of acquisition Total Checkouts Total Renewals Full call number Barcode Date last seen Date last checked out Price effective from Koha item type
    Dewey Decimal Classification     General Biblioteca Karol Wojtyla Biblioteca Karol Wojtyla Sala general 24/11/2014 Compra 6 1 641.3 TOR 2014 92216 05/01/2026 21/09/2024 24/11/2014 Libro
    Dewey Decimal Classification     General Biblioteca Karol Wojtyla Biblioteca Karol Wojtyla Sala general 27/01/2015 Compra 5 2 641.3 TOR 2014 92257 05/01/2026 11/11/2025 27/01/2015 Libro
    Dewey Decimal Classification     General Biblioteca Karol Wojtyla Biblioteca Karol Wojtyla Sala general 24/11/2014 Compra 2   641.3 TOR 2014 92217 05/01/2026 16/10/2023 24/11/2014 Libro
    Dewey Decimal Classification     General Tehuacán Tehuacán Sala general 25/07/2019   2 1 641.3 T676 2012 968000000289 08/01/2025 16/03/2024 25/07/2019 Libro